000 007780000a22002410004500
003 LK-CoMWRAF
005 20230828162038.0
008 230817t1994 ||||| |||| 00| 0 eng d
020 _a3718655063
040 _aLK-CoMWRAF
_dLK-CoMWRAF
_eLK-CoMWRAF
041 _aeng
082 _a954.93
_bROB
100 _aRoberts, Michael
245 _aExploring confrontation
_bSri Lanka politics, culture, and history
260 _aVictoria:
_bHarwood Academic,
_c1994
300 _axxv, 377 p. : ill., maps ; 26 cm.
_bBibliography and index included
490 _aStudies in anthropology and history
_vVol.14
650 _aETHNOLOGY-SRI LANKA
650 _aEthnicity-Sri Lanka
650 _aSocial life and customs-Sri Lanka
650 _aEthnic relations-Sri Lanka
942 _cBK
999 _c2743
_d2743